000 00670nam a2200205Ia 4500
003 GCL
008 140319s9999 xx 000 0 ara d
040 _aGCL /
_cGCL
082 0 4 _a219.1
_bع و
100 1 _aعبدالعزيز الشناوى
245 1 0 _aوصايا النساء: استوصوا بالنساء خيرا /
_cعبدالعزيز الشناوى
260 _a[S.N] :
_bمكتبة التراث الاسلامى ،
_c1990
300 _a250 ص
490 _a
650 0 4 _aالنساء فى الاسلام
650 0 4 _aالتبرج والسفور
650 0 4 _aحجاب المراة
650 0 4 _aالمرأة فى الاسلام
942 _2ddc
_cBK
999 _c49422
_d49422